Discovering the essential universe / (Record no. 29419)

000 -LEADER
fixed length control field 00549 a2200169 4500
020 ## - INTERNATIONAL STANDARD BOOK NUMBER
International Standard Book Number 0716744384
020 ## - INTERNATIONAL STANDARD BOOK NUMBER
International Standard Book Number 9780716744382
082 04 - DEWEY DECIMAL CLASSIFICATION NUMBER
Classification number 520
090 ## - LOCALLY ASSIGNED LC-TYPE CALL NUMBER (OCLC); LOCAL CALL NUMBER (RLIN)
-- 794
-- 794
100 1# - MAIN ENTRY--PERSONAL NAME
Personal name Comins, Neil F.
245 10 - TITLE STATEMENT
Title Discovering the essential universe /
Statement of responsibility, etc. Neil F. Comins.
260 ## - PUBLICATION, DISTRIBUTION, ETC.
Place of publication, distribution, etc. [S.l.] :
Name of publisher, distributor, etc. W. H. Freeman,
Date of publication, distribution, etc. 2001
300 ## - PHYSICAL DESCRIPTION
Extent 291 p. ;
Dimensions 28 cm.
700 ## - ADDED ENTRY--PERSONAL NAME
Personal name Comins, Neil F.
942 ## - ADDED ENTRY ELEMENTS (KOHA)
Institution code [OBSOLETE] SNS
Koha item type Book
Call number prefix 520 COM
Holdings
Withdrawn status Lost status Damaged status Not for loan Permanent Location Current Location Date acquired Total Checkouts Full call number Barcode Date last seen Date last checked out Price effective from Koha item type
        School of Natural Sciences (SNS) School of Natural Sciences (SNS) 05/26/2016 1 520 COM SNS0000962 03/27/2017 02/14/2017 05/26/2016 Book
© 2023 Central Library, National University of Sciences and Technology. All Rights Reserved.